[Event "NOR-chT Codanserien 2017-18"]
[Site "Oslo"]
[Date "2018.01.14"]
[Round "6"]
[White "Ekeberg, Carl Fredrik"]
[Black "Mikalsen, Erlend"]
[Result "1/2-1/2"]
[WhiteElo "2278"]
[BlackElo "2307"]
[Annotator "ChessBase"]
[PlyCount "68"]
[EventDate "2018.??.??"]
[EventType "team-tourn"]
[EventCountry "NOR"]
[SourceTitle "playchess.com"]
[Source "ChessBase"]
[SourceQuality "1"]
[TimeControl "40/5400+30:1800+30"]

1. d4 {[%emt 0:00:00]} Nf6 {[%emt 0:02:18]} 2. c4 {[%emt 0:00:00]} e6 {[%emt 0:00:06]} 3. Nc3 {[%emt 0:00:00]} Bb4 {[%emt 0:00:07]} 4. Qc2 {[%emt 0:00:00]} O-O {[%emt 0:00:11]} 5. a3 {[%emt 0:00:01]} Bxc3+ {[%emt 0:00:06]} 6. Qxc3 {[%emt 0:00:05]} b6 {[%emt 0:00:33]} 7. Bg5 {[%emt 0:01:30]} Bb7 {[%emt 0:00:07]} 8. f3 {[%emt 0:00:27]} h6 {[%emt 0:00:36]} 9. Bh4 {[%emt 0:00:26]} d5 {[%emt 0:00:07]} 10. e3 {[%emt 0:00:35]} Nbd7 {[%emt 0:01:31]} 11. cxd5 {[%emt 0:01:16]} Nxd5 {[%emt 0:00:37]} 12. Bxd8 {[%emt 0:00:08]} Nxc3 {[%emt 0:00:05]} 13. Bh4 {[%emt 0:00:18]} Nd5 {[%emt 0:01:02]} 14. Bf2 {[%emt 0:00:39]} c5 {[%emt 0:04:53]} 15. Ne2 {[%emt 0:18:36]} f5 {[%emt 0:04:56]} 16. Rd1 {[%emt 0:06:55]} Rac8 {[%emt 0:09:29]} 17. dxc5 {[%emt 0:06:26]} Nxc5 {[%emt 0:06:18]} 18. Nd4 {[%emt 0:03:20]} Na4 {[%emt 0:03:40]} 19. Rb1 {[%emt 0:05:19]} e5 {[%emt 0:09:19]} 20. Nxf5 {[%emt 0:12:14]} Rxf5 {[%emt 0:01:45]} 21. e4 {[%emt 0:00:09]} Rg5 {[%emt 0:04:40]} 22. exd5 {[%emt 0:02:07]} Bxd5 {[%emt 0:00:14]} 23. Be3 {[%emt 0:03:54]} Rg6 {[%emt 0:00:29]} 24. Ba6 {[%emt 0:08:01]} Rf8 {[%emt 0:06:10]} 25. Kf2 {[%emt 0:09:11]} e4 {[%emt 0:00:43]} 26. f4 {[%emt 0:03:38]} Nc5 {[%emt 0:02:31]} 27. Be2 {[%emt 0:01:38]} Nd3+ {[%emt 0:00:14]} 28. Bxd3 {[%emt 0:00:41]} exd3 {[%emt 0:00:05]} 29. Rhg1 {[%emt 0:00:24]} Rc8 {[%emt 0:00:20]} 30. Rbd1 {[%emt 0:02:52]} Rc2+ {[%emt 0:02:46]} 31. Rd2 {[%emt 0:00:06]} Rxd2+ {[%emt 0:00:06]} 32. Bxd2 {[%emt 0:00:06]} Re6 {[%emt 0:00:02]} 33. Re1 {[%emt 0:00:51]} Rxe1 {[%emt 0:00:07]} 34. Bxe1 {[%emt 0:00:23]} Kf7 {[%emt 0:00:08]} 1/2-1/2

[Event "NOR-chT Codanserien 2017-18"]
[Site "Oslo"]
[Date "2018.01.14"]
[Round "6"]
[White "Borresen, Georg S"]
[Black "Hansen, Torbjorn Ringdal"]
[Result "1/2-1/2"]
[WhiteElo "2263"]
[BlackElo "2410"]
[Annotator "TA"]
[PlyCount "31"]
[EventDate "2018.??.??"]
[EventType "team-tourn"]
[EventCountry "NOR"]
[SourceTitle "playchess.com"]
[Source "ChessBase"]
[SourceQuality "1"]

{[%evp 19,31,25,29,11,10,5,33,3,8,-9,-4,-1,-1,-6]} 1. e4 Nc6 2. Nf3 d6 3. h3 Nf6 4. Nc3 g6 5. d4 Bg7 6. Be3 O-O 7. Qd2 e5 8. dxe5 Nxe5 9. Nxe5 dxe5 10. O-O-O Be6 11. Qxd8 {B08: Pirc Defence: Classical System} Rfxd8 12. Be2 a6 $146 ({Predecessor:} 12... Bf8 13. a3 Be7 14. g4 Rxd1+ 15. Rxd1 c6 16. f3 Ne8 17. Nb1 h6 18. Nd2 Nd6 19. c3 Rd8 20. Kc2 {½-½ (20) Dory,J (2365)-Deleyn,G (2325) Wijk aan Zee 1987}) 13. Rxd8+ Rxd8 {The position is equal.} 14. Rd1 Rxd1+ 15. Kxd1 Bf8 16. a3 1/2-1/2

[Event "NOR-chT Codanserien 2017-18"]
[Site "Oslo"]
[Date "2018.01.14"]
[Round "6"]
[White "Flermoen, Peter"]
[Black "Aulin-Jansson, Joran"]
[Result "1-0"]
[WhiteElo "2259"]
[BlackElo "2273"]
[Annotator "ChessBase"]
[PlyCount "71"]
[EventDate "2018.??.??"]
[EventType "team-tourn"]
[EventCountry "NOR"]
[SourceTitle "playchess.com"]
[Source "ChessBase"]
[SourceQuality "1"]
[TimeControl "40/5400+30:1800+30"]

1. e4 {[%emt 0:00:00]} c6 {[%emt 0:00:06]} 2. d4 {[%emt 0:00:00]} d5 {[%emt 0:00:06]} 3. Nc3 {[%emt 0:00:00]} dxe4 {[%emt 0:00:04]} 4. Nxe4 {[%emt 0:00:00]} Nf6 {[%emt 0:00:16]} 5. Nxf6+ {[%emt 0:00:37]} exf6 {[%emt 0:00:06]} 6. Nf3 {[%emt 0:01:07]} Bd6 {[%emt 0:04:24]} 7. Bd3 {[%emt 0:02:28]} O-O {[%emt 0:00:08]} 8. O-O {[%emt 0:00:33]} Bg4 {[%emt 0:00:06]} 9. h3 {[%emt 0:01:36]} Bh5 {[%emt 0:00:04]} 10. Re1 {[%emt 0:09:24]} Nd7 {[%emt 0:01:04]} 11. Bf5 {[%emt 0:07:54]} Re8 {[%emt 0:02:55]} 12. Be3 {[%emt 0:02:39]} Nb6 {[%emt 0:01:59]} 13. g4 {[%emt 0:05:05]} Bg6 {[%emt 0:01:48]} 14. Nh4 {[%emt 0:03:30]} Bc7 {[%emt 0:00:58]} 15. Qf3 {[%emt 0:03:07]} Qd6 {[%emt 0:03:21]} 16. Rad1 {[%emt 0:11:21]} Re7 {[%emt 0:09:24]} 17. b3 {[%emt 0:01:36]} Rae8 {[%emt 0:09:24]} 18. c4 {[%emt 0:01:01]} Nd7 {[%emt 0:00:59]} 19. Re2 {[%emt 0:12:00]} Nf8 {[%emt 0:01:55]} 20. d5 {[%emt 0:03:17]} Nd7 {[%emt 0:05:35]} 21. Rdd2 {[%emt 0:05:57]} Ne5 {[%emt 0:05:56]} 22. Qg2 {[%emt 0:00:21]} cxd5 {[%emt 0:00:07]} 23. Rxd5 {[%emt 0:02:56]} Qa3 {[%emt 0:00:31]} 24. Rc2 {[%emt 0:05:06]} Nc6 {[%emt 0:03:40]} 25. Rd1 {[%emt 0:05:17]} Qa5 {[%emt 0:04:01]} 26. c5 {[%emt 0:02:20]} Bb8 {[%emt 0:17:18]} 27. Rcd2 {[%emt 0:00:36]} Ne5 {[%emt 0:09:00]} 28. Kh1 {[%emt 0:03:51]} Bc7 {[%emt 0:04:27]} 29. Qxb7 {[%emt 0:02:46]} h5 {[%emt 0:05:26]} 30. Bxg6 {[%emt 0:01:56]} Nxg6 {[%emt 0:03:37]} 31. Nf5 {[%emt 0:01:01]} Rxe3 {[%emt 0:00:14]} 32. Nxe3 {[%emt 0:00:47]} Bf4 {[%emt 0:03:54]} 33. b4 {[%emt 0:01:21]} Qa3 {[%emt 0:00:23]} 34. Rd8 {[%emt 0:00:33]} Rxd8 {[%emt 0:00:38]} 35. Rxd8+ {[%emt 0:00:11]} Kh7 {[%emt 0:00:02]} 36. gxh5 {[%emt 0:00:44]} 1-0

[Event "NOR-chT Codanserien 2017-18"]
[Site "Oslo"]
[Date "2018.01.14"]
[Round "6"]
[White "Tryggestad, Andreas Garberg"]
[Black "Getz, Nicolai"]
[Result "0-1"]
[WhiteElo "2252"]
[BlackElo "2423"]
[Annotator "TA"]
[PlyCount "106"]
[EventDate "2018.??.??"]
[EventType "team-tourn"]
[EventCountry "NOR"]
[SourceTitle "playchess.com"]
[Source "ChessBase"]
[SourceQuality "1"]

{[%evp 21,106,0,0,0,0,-18,0,-18,-34,-39,-27,-44,-32,-116,-110,-120,-127,-115,-124,-133,-103,-96,-102,-180,-125,-124,-133,-266,-279,-417,-418,-389,-385,-477,-477,-437,-282,-271,-241,-248,-241,-231,-183,-198,-176,-271,-271,-295,-296,-275,-282,-331,-337,-387,-381,-379,-365,-367,-347,-750,-755,-735,-619,-714,-771,-673,-735,-741,-748,-728,-734,-712,-703,-722,-722,-770,-750,-1380,-4930,-1922,-2006,-1813,-1683,-1664,-1563,-5608,-5124]} 1. e4 e5 2. Nf3 Nc6 3. Bb5 a6 4. Bxc6 dxc6 5. O-O f6 6. d4 exd4 7. Nxd4 c5 8. Ne2 Qxd1 9. Rxd1 Bd7 10. Nbc3 {C69: Ruy Lopez: Exchange Variation with 5 0-0 f6} Ne7 {[%cal Bg8e7,Be7c6,Bc6e5][%mdl 32]} 11. Nf4 O-O-O {LiveBook: 3 Games} 12. Be3 {The position is equal.} Nc6 13. Nfd5 Be6 14. Bf4 Ne5 {[#]} 15. Ne3 $146 ({Predecessor:} 15. Bg3 Bd6 16. Ne3 Rhe8 17. Rd2 Nc4 18. Nxc4 Bxg3 19. hxg3 Bxc4 {1-0 (66) Antoniewski,R (2558)-Zilka,S (2485) Austria 2009}) 15... Bd6 16. Ne2 h5 {[%cal Bh7h5,Bh5h4][%mdl 32]} 17. f3 (17. h3 $15) 17... g5 $17 18. Bg3 {[#]} h4 $1 {[%cal Rh4g3]} 19. Bf2 h3 20. Bg3 hxg2 21. Kxg2 Ng6 22. Nd5 (22. b3 $17) 22... f5 ({Better is} 22... Be5 $19 23. Rab1 c6) 23. Nb6+ Kb8 {[#] Hoping for ...f4.} 24. Bxd6 (24. exf5 $17 Bxf5 25. Nc4) 24... cxd6 $19 25. Nd5 (25. exf5 $142 Nh4+ 26. Kf2 Nxf5 27. Rh1) 25... fxe4 26. fxe4 Rh4 27. Ndc3 Rdh8 28. Rh1 Rf8 29. h3 g4 {[%cal Rg4h3]} 30. Raf1 {intending Rxf8+.} gxh3+ 31. Kh2 Rxf1 32. Rxf1 {White wants to play Rf6.} Ne5 33. Nf4 (33. Rf4 {was worth a try.} Rh8 34. Nd5) 33... Bc4 34. Nce2 Bxe2 35. Nxe2 Rxe4 {[%mdl 4096] Endgame KRN-KRN} 36. Ng1 Re3 37. Rf8+ Kc7 38. Nxh3 Re2+ 39. Kg3 Rxc2 40. Nf4 $2 (40. Rf2 Rc1 41. Nf4) 40... Rxb2 {Black is clearly winning.} 41. a4 Rb3+ 42. Kg2 Ra3 43. Nd5+ Kc6 44. Ne7+ Kd7 45. Nd5 Rxa4 46. Nb6+ Ke7 {White must now prevent ...Rg4+.} 47. Rb8 Ra2+ 48. Kg3 Rb2 49. Rxb7+ Ke6 50. Rb8 c4 {[%cal Bc5c4,Bc4c3,Bc3c2][%mdl 32]} 51. Kf4 c3 {aiming for ...Rxb6!} 52. Re8+ Kf7 53. Rb8 c2 {Precision: White = 38%, Black = 85%.} 0-1

[Event "NOR-chT Codanserien 2017-18"]
[Site "Oslo"]
[Date "2018.01.14"]
[Round "6"]
[White "Skrondal, Inge Sandstad"]
[Black "Gullaksen, Eirik"]
[Result "1/2-1/2"]
[WhiteElo "2239"]
[BlackElo "2352"]
[Annotator "ChessBase"]
[PlyCount "75"]
[EventDate "2018.??.??"]
[EventType "team-tourn"]
[EventCountry "NOR"]
[SourceTitle "playchess.com"]
[Source "ChessBase"]
[SourceQuality "1"]
[TimeControl "40/5400+30:1800+30"]

1. Nf3 {[%emt 0:00:00]} Nf6 {[%emt 0:00:08]} 2. c4 {[%emt 0:00:00]} g6 {[%emt 0:00:13]} 3. Nc3 {[%emt 0:00:00]} Bg7 {[%emt 0:00:08]} 4. e4 {[%emt 0:00:00]} d6 {[%emt 0:00:22]} 5. d4 {[%emt 0:00:06]} O-O {[%emt 0:00:10]} 6. Be2 {[%emt 0:00:05]} Na6 {[%emt 0:00:18]} 7. O-O {[%emt 0:00:09]} e5 {[%emt 0:00:17]} 8. Be3 {[%emt 0:01:33]} Ng4 {[%emt 0:01:49]} 9. Bg5 {[%emt 0:00:06]} f6 {[%emt 0:00:38]} 10. Bh4 {[%emt 0:02:47]} Qe8 {[%emt 0:03:49]} 11. c5 {[%emt 0:19:12]} exd4 {[%emt 0:15:58]} 12. Nxd4 {[%emt 0:00:25]} dxc5 {[%emt 0:05:35]} 13. Nb3 {[%emt 0:01:47]} Ne5 {[%emt 0:10:05]} 14. f4 {[%emt 0:19:22]} Nf7 {[%emt 0:05:42]} 15. Nd5 {[%emt 0:15:37]} g5 {[%emt 0:16:48]} 16. Bg3 {[%emt 0:07:39]} c6 {[%emt 0:06:27]} 17. Bxa6 {[%emt 0:00:06]} cxd5 {[%emt 0:00:07]} 18. Qxd5 {[%emt 0:00:47]} Qe7 {[%emt 0:13:03]} 19. Bc4 {[%emt 0:02:44]} b5 {[%emt 0:03:04]} 20. Bxb5 {[%emt 0:06:10]} Bb7 {[%emt 0:00:34]} 21. Qxc5 {[%emt 0:00:09]} Qxe4 {[%emt 0:00:13]} 22. Rf2 {[%emt 0:02:28]} gxf4 {[%emt 0:06:09]} 23. Bxf4 {[%emt 0:00:54]} Ne5 {[%emt 0:00:35]} 24. Bxe5 {[%emt 0:07:16]} fxe5 {[%emt 0:00:02]} 25. Qc4+ {[%emt 0:00:06]} Kh8 {[%emt 0:00:08]} 26. Qxe4 {[%emt 0:01:56]} Bxe4 {[%emt 0:00:02]} 27. Re2 {[%emt 0:01:27]} Bd5 {[%emt 0:00:16]} 28. Rd1 {[%emt 0:01:47]} Bxb3 {[%emt 0:00:37]} 29. axb3 {[%emt 0:00:06]} Rad8 {[%emt 0:00:12]} 30. Rxd8 {[%emt 0:03:46]} Rxd8 {[%emt 0:00:09]} 31. Kf2 {[%emt 0:00:20]} Bf6 {[%emt 0:00:17]} 32. Ke3 {[%emt 0:02:05]} Bg5+ {[%emt 0:00:40]} 33. Ke4 {[%emt 0:00:44]} Rd2 {[%emt 0:00:07]} 34. Kxe5 {[%emt 0:01:10]} Rxe2+ {[%emt 0:00:08]} 35. Bxe2 {[%emt 0:00:05]} Bc1 {[%emt 0:00:08]} 36. Bc4 {[%emt 0:01:23]} Kg7 {[%emt 0:00:45]} 37. b4 {[%emt 0:01:44]} Bxb2+ {[%emt 0:00:49]} 38. Kf5 {[%emt 0:00:32]} 1/2-1/2

[Event "NOR-chT Codanserien 2017-18"]
[Site "Oslo"]
[Date "2018.01.14"]
[Round "6"]
[White "Gudbrandsen, Gustav"]
[Black "Muhseen Abdullah Mohammed"]
[Result "1/2-1/2"]
[WhiteElo "2235"]
[BlackElo "2207"]
[Annotator "ChessBase"]
[PlyCount "87"]
[EventDate "2018.??.??"]
[EventType "team-tourn"]
[EventCountry "NOR"]
[SourceTitle "playchess.com"]
[Source "ChessBase"]
[SourceQuality "1"]
[TimeControl "40/5400+30:1800+30"]

1. e4 {[%emt 0:00:00]} c6 {[%emt 0:13:52]} 2. d4 {[%emt 0:03:53]} g6 {[%emt 0:00:08]} 3. Nf3 {[%emt 0:00:42]} d5 {[%emt 0:01:24]} 4. e5 {[%emt 0:01:35]} Bg7 {[%emt 0:00:51]} 5. Be2 {[%emt 0:00:41]} f6 {[%emt 0:00:16]} 6. exf6 {[%emt 0:01:58]} exf6 {[%emt 0:03:40]} 7. O-O {[%emt 0:02:26]} Ne7 {[%emt 0:00:04]} 8. Re1 {[%emt 0:01:55]} O-O {[%emt 0:00:07]} 9. b3 {[%emt 0:01:55]} Re8 {[%emt 0:03:42]} 10. Nbd2 {[%emt 0:04:51]} Nd7 {[%emt 0:03:08]} 11. Bd3 {[%emt 0:11:58]} Nf8 {[%emt 0:01:06]} 12. Nf1 {[%emt 0:01:54]} Be6 {[%emt 0:05:13]} 13. Ng3 {[%emt 0:02:18]} Qd7 {[%emt 0:03:42]} 14. Ba3 {[%emt 0:05:10]} Bf7 {[%emt 0:10:38]} 15. Qd2 {[%emt 0:03:31]} g5 {[%emt 0:07:03]} 16. Bxe7 {[%emt 0:05:42]} Rxe7 {[%emt 0:00:07]} 17. Rxe7 {[%emt 0:00:18]} Qxe7 {[%emt 0:00:06]} 18. Nf5 {[%emt 0:00:14]} Qd7 {[%emt 0:00:09]} 19. h4 {[%emt 0:05:27]} g4 {[%emt 0:07:12]} 20. Nh2 {[%emt 0:00:23]} h5 {[%emt 0:02:13]} 21. Nf1 {[%emt 0:03:06]} Ng6 {[%emt 0:02:49]} 22. N1g3 {[%emt 0:01:50]} Ne7 {[%emt 0:03:56]} 23. Nh6+ {[%emt 0:03:36]} Kf8 {[%emt 0:02:05]} 24. Nxf7 {[%emt 0:05:52]} Kxf7 {[%emt 0:00:24]} 25. Nxh5 {[%emt 0:02:00]} Rh8 {[%emt 0:00:07]} 26. Nxg7 {[%emt 0:00:54]} Rxh4 {[%emt 0:00:08]} 27. g3 {[%emt 0:03:57]} Rh8 {[%emt 0:00:21]} 28. Qf4 {[%emt 0:01:54]} Kxg7 {[%emt 0:00:27]} 29. Be2 {[%emt 0:01:38]} f5 {[%emt 0:04:21]} 30. Qe5+ {[%emt 0:01:18]} Kg8 {[%emt 0:00:02]} 31. Bd3 {[%emt 0:02:23]} Rh6 {[%emt 0:03:29]} 32. Qb8+ {[%emt 0:08:43]} Kf7 {[%emt 0:01:35]} 33. Re1 {[%emt 0:00:54]} a6 {[%emt 0:01:01]} 34. Kg2 {[%emt 0:04:16]} Ng6 {[%emt 0:03:33]} 35. Rh1 {[%emt 0:03:22]} Rxh1 {[%emt 0:00:24]} 36. Kxh1 {[%emt 0:00:06]} Kf6 {[%emt 0:00:32]} 37. Qg8 {[%emt 0:02:25]} Qe7 {[%emt 0:02:09]} 38. Kg2 {[%emt 0:01:32]} Qd7 {[%emt 0:00:54]} 39. a4 {[%emt 0:00:45]} Qe7 {[%emt 0:01:12]} 40. a5 {[%emt 0:01:34]} Qd7 {[%emt 0:36:00]} 41. Kf1 {[%emt 0:30:58]} Qc7 {[%emt 0:01:11]} 42. b4 {[%emt 0:00:00]} Qd7 {[%emt 0:00:00]} 43. c3 {[%emt 0:00:00]} Kg5 {[%emt 0:00:00]} 44. Kg2 {[%emt 0:00:00]} 1/2-1/2

[Event "NOR-chT Codanserien 2017-18"]
[Site "Oslo"]
[Date "2018.01.14"]
[Round "6"]
[White "Trygstad, Kristian"]
[Black "Andersen, Oystein R"]
[Result "1/2-1/2"]
[WhiteElo "2229"]
[BlackElo "2074"]
[Annotator "ChessBase"]
[PlyCount "49"]
[EventDate "2018.??.??"]
[EventType "team-tourn"]
[EventCountry "NOR"]
[SourceTitle "playchess.com"]
[Source "ChessBase"]
[SourceQuality "1"]
[TimeControl "40/5400+30:1800+30"]

1. e4 {[%emt 0:00:00]} c5 {[%emt 0:00:11]} 2. Nc3 {[%emt 0:00:00]} Nc6 {[%emt 0:00:10]} 3. f4 {[%emt 0:00:00]} e6 {[%emt 0:01:07]} 4. Nf3 {[%emt 0:00:00]} d5 {[%emt 0:01:27]} 5. Bb5 {[%emt 0:00:08]} Nge7 {[%emt 0:02:00]} 6. exd5 {[%emt 0:00:20]} exd5 {[%emt 0:00:17]} 7. Qe2 {[%emt 0:00:07]} Qd6 {[%emt 0:15:24]} 8. O-O {[%emt 0:15:06]} Bg4 {[%emt 0:14:44]} 9. Bxc6+ {[%emt 0:19:07]} Qxc6 {[%emt 0:03:01]} 10. Qb5 {[%emt 0:02:30]} Bxf3 {[%emt 0:03:13]} 11. Rxf3 {[%emt 0:00:18]} Qxb5 {[%emt 0:01:25]} 12. Nxb5 {[%emt 0:00:09]} Kd7 {[%emt 0:00:58]} 13. d3 {[%emt 0:01:13]} g6 {[%emt 0:02:42]} 14. Bd2 {[%emt 0:04:15]} Bg7 {[%emt 0:05:12]} 15. c3 {[%emt 0:04:21]} Rhe8 {[%emt 0:01:36]} 16. Re1 {[%emt 0:02:23]} a6 {[%emt 0:04:00]} 17. Na3 {[%emt 0:00:07]} Nf5 {[%emt 0:00:38]} 18. Rff1 {[%emt 0:00:20]} b5 {[%emt 0:01:57]} 19. Nc2 {[%emt 0:00:32]} a5 {[%emt 0:04:27]} 20. g4 {[%emt 0:05:29]} Nd6 {[%emt 0:01:43]} 21. Be3 {[%emt 0:04:01]} Kc6 {[%emt 0:03:56]} 22. d4 {[%emt 0:06:20]} Nc4 {[%emt 0:07:17]} 23. Bc1 {[%emt 0:00:24]} b4 {[%emt 0:02:36]} 24. b3 {[%emt 0:07:16]} Na3 {[%emt 0:07:34]} 25. Nxa3 {[%emt 0:07:02]} 1/2-1/2

[Event "NOR-chT Codanserien 2017-18"]
[Site "Oslo"]
[Date "2018.01.14"]
[Round "6"]
[White "Svendsen, Bertil"]
[Black "Kakushadze, Ilia"]
[Result "1-0"]
[WhiteElo "2222"]
[BlackElo "2137"]
[Annotator "ChessBase"]
[PlyCount "81"]
[EventDate "2018.??.??"]
[EventType "team-tourn"]
[EventCountry "NOR"]
[SourceTitle "playchess.com"]
[Source "ChessBase"]
[SourceQuality "1"]
[TimeControl "40/5400+30:1800+30"]

1. d4 {[%emt 0:00:00]} Nf6 {[%emt 0:00:12]} 2. Nf3 {[%emt 0:00:02]} c5 {[%emt 0:00:35]} 3. c4 {[%emt 0:01:19]} cxd4 {[%emt 0:00:17]} 4. Nxd4 {[%emt 0:00:09]} e5 {[%emt 0:00:05]} 5. Nb5 {[%emt 0:00:32]} d5 {[%emt 0:00:05]} 6. cxd5 {[%emt 0:00:30]} Bc5 {[%emt 0:00:04]} 7. N5c3 {[%emt 0:01:58]} O-O {[%emt 0:03:26]} 8. g3 {[%emt 0:01:36]} Qb6 {[%emt 0:00:24]} 9. e3 {[%emt 0:00:54]} Bg4 {[%emt 0:00:05]} 10. Be2 {[%emt 0:00:25]} Bh3 {[%emt 0:02:10]} 11. a3 {[%emt 0:36:13]} a5 {[%emt 0:32:09]} 12. Nd2 {[%emt 0:07:00]} Qd8 {[%emt 0:04:04]} 13. Bf3 {[%emt 0:03:50]} Re8 {[%emt 0:10:59]} 14. Rg1 {[%emt 0:09:24]} Bf5 {[%emt 0:22:39]} 15. e4 {[%emt 0:02:43]} Qb6 {[%emt 0:03:47]} 16. Qe2 {[%emt 0:01:06]} Ng4 {[%emt 0:02:02]} 17. Rg2 {[%emt 0:01:50]} Nxf2 {[%emt 0:05:23]} 18. Rxf2 {[%emt 0:00:07]} Bh3 {[%emt 0:00:18]} 19. Nc4 {[%emt 0:02:59]} Bxf2+ {[%emt 0:00:23]} 20. Qxf2 {[%emt 0:00:07]} Qg6 {[%emt 0:01:51]} 21. Be3 {[%emt 0:06:38]} Nd7 {[%emt 0:00:03]} 22. Qe2 {[%emt 0:02:53]} f5 {[%emt 0:00:17]} 23. Bh5 {[%emt 0:00:22]} Qf6 {[%emt 0:00:10]} 24. Bxe8 {[%emt 0:00:21]} Rxe8 {[%emt 0:00:02]} 25. exf5 {[%emt 0:01:07]} Bxf5 {[%emt 0:00:27]} 26. a4 {[%emt 0:05:55]} Qg6 {[%emt 0:00:24]} 27. Kd2 {[%emt 0:02:34]} Rc8 {[%emt 0:01:31]} 28. Nxa5 {[%emt 0:04:59]} Nc5 {[%emt 0:03:37]} 29. Bxc5 {[%emt 0:01:27]} Rxc5 {[%emt 0:00:04]} 30. Nb3 {[%emt 0:00:58]} Qh6+ {[%emt 0:01:00]} 31. Ke1 {[%emt 0:00:39]} Rc8 {[%emt 0:01:27]} 32. Nd2 {[%emt 0:01:57]} e4 {[%emt 0:00:28]} 33. Nf1 {[%emt 0:00:56]} Qf6 {[%emt 0:01:15]} 34. Ne3 {[%emt 0:01:52]} Bh3 {[%emt 0:03:11]} 35. Rd1 {[%emt 0:00:19]} Rf8 {[%emt 0:00:41]} 36. d6 {[%emt 0:00:35]} Bd7 {[%emt 0:01:50]} 37. Rd2 {[%emt 0:01:16]} Rc8 {[%emt 0:00:40]} 38. Qf2 {[%emt 0:00:38]} Qe6 {[%emt 0:00:27]} 39. Ned5 {[%emt 0:00:28]} Kh8 {[%emt 0:00:55]} 40. Qe3 {[%emt 0:00:45]} Qxd6 {[%emt 0:30:22]} 41. Nb6 {[%emt 0:30:30]} 1-0

[Event "NOR-chT Codanserien 2017-18"]
[Site "Oslo"]
[Date "2018.01.14"]
[Round "6"]
[White "Hammerstad, Asmund"]
[Black "Mikalsen, Harald"]
[Result "1-0"]
[WhiteElo "2197"]
[BlackElo "2036"]
[Annotator "ChessBase"]
[PlyCount "70"]
[EventDate "2018.??.??"]
[EventType "team-tourn"]
[EventCountry "NOR"]
[SourceTitle "playchess.com"]
[Source "ChessBase"]
[SourceQuality "1"]
[TimeControl "40/5400+30:1800+30"]

1. d4 {[%emt 0:00:00]} Nf6 {[%emt 0:00:15]} 2. c4 {[%emt 0:00:00]} e6 {[%emt 0:01:15]} 3. Nc3 {[%emt 0:00:16]} d5 {[%emt 0:01:28]} 4. cxd5 {[%emt 0:05:37]} exd5 {[%emt 0:00:31]} 5. Bg5 {[%emt 0:00:40]} Be7 {[%emt 0:00:09]} 6. e3 {[%emt 0:00:40]} O-O {[%emt 0:09:37]} 7. Bd3 {[%emt 0:10:06]} c6 {[%emt 0:06:15]} 8. Qc2 {[%emt 0:00:42]} h6 {[%emt 0:00:51]} 9. Bh4 {[%emt 0:00:23]} Re8 {[%emt 0:02:24]} 10. Nf3 {[%emt 0:01:50]} Nbd7 {[%emt 0:08:59]} 11. h3 {[%emt 0:00:44]} Ne4 {[%emt 0:02:19]} 12. Bxe7 {[%emt 0:07:25]} Qxe7 {[%emt 0:00:12]} 13. Bxe4 {[%emt 0:00:12]} dxe4 {[%emt 0:00:11]} 14. Nd2 {[%emt 0:00:04]} Nf6 {[%emt 0:04:22]} 15. g4 {[%emt 0:11:28]} b6 {[%emt 0:04:10]} 16. O-O-O {[%emt 0:00:45]} Ba6 {[%emt 0:01:08]} 17. Qb3 {[%emt 0:07:09]} Bd3 {[%emt 0:05:55]} 18. Qa3 {[%emt 0:06:38]} c5 {[%emt 0:19:07]} 19. dxc5 {[%emt 0:03:24]} Rec8 {[%emt 0:00:59]} 20. Nb3 {[%emt 0:04:05]} Rc6 {[%emt 0:07:23]} 21. Rhg1 {[%emt 0:01:18]} Rac8 {[%emt 0:02:24]} 22. Nd4 {[%emt 0:11:50]} Rxc5 {[%emt 0:00:34]} 23. Kd2 {[%emt 0:00:16]} Qc7 {[%emt 0:08:25]} 24. f4 {[%emt 0:02:53]} b5 {[%emt 0:02:47]} 25. Rc1 {[%emt 0:01:01]} a5 {[%emt 0:03:56]} 26. b4 {[%emt 0:04:41]} axb4 {[%emt 0:02:02]} 27. Qxb4 {[%emt 0:00:09]} Qa7 {[%emt 0:04:42]} 28. a3 {[%emt 0:01:50]} Qd7 {[%emt 0:00:38]} 29. Nce2 {[%emt 0:06:48]} Rc4 {[%emt 0:01:20]} 30. Rxc4 {[%emt 0:00:26]} Rxc4 {[%emt 0:00:27]} 31. Qb3 {[%emt 0:00:39]} Qd5 {[%emt 0:00:41]} 32. Qb2 {[%emt 0:01:30]} Qc5 {[%emt 0:00:31]} 33. g5 {[%emt 0:01:18]} Nd5 {[%emt 0:00:30]} 34. gxh6 {[%emt 0:00:34]} g6 {[%emt 0:00:30]} 35. Rg5 {[%emt 0:01:25]} Qd6 {[%emt 0:00:00]} 1-0